Caídos del mapa iii : en viaje de egresados /

Nuestros amigos de "Caídos del mapa" y "Caídos del mapa II", con un pie en el micro, emprenden el tan ansiado viaje de egresados a La Falda, Córdoba. El viaje -con un tripulante escondido y los problemas que este personaje ocasiona- promete momentos apasionantes...en los que será...

Descripción completa

Guardado en:
Autor Principal: Falconi, María Inés
Otros Autores: Arwen, Victoria, il.
Formato: Libro
Publicado: Buenos Aires : Quipu, 2005
Edición:5a. ed.
Series:Los verdes de Quipu
Materias:
Etiquetas: Agregar Etiqueta
Sin Etiquetas, Sea el primero en etiquetar este registro!
LEADER 01645nam a22003135a 4500
001 CEM.cems012069
008 130507s2005##################000#0#####d
005 20250428204358.0
245 1 0 |a Caídos del mapa iii :  |b en viaje de egresados /  |c María Inés Falconi ; ilustración de Victoria Arwen. 
250 |a 5a. ed. 
260 |a Buenos Aires :  |b Quipu,  |c 2005 
300 |a 327 p. 
490 0 |a Los verdes de Quipu 
500 |a Edad sugerida a partir de 11 años. 
520 |a Nuestros amigos de "Caídos del mapa" y "Caídos del mapa II", con un pie en el micro, emprenden el tan ansiado viaje de egresados a La Falda, Córdoba. El viaje -con un tripulante escondido y los problemas que este personaje ocasiona- promete momentos apasionantes...en los que será imposible dejar de leer. ¿Quién hubiera imaginado que la llegada y el primer día de estadía estarían llenos de aventuras y enredos insospechados? 
020 |a 9509187933 
100 1 |a Falconi, María Inés 
700 1 |a Arwen, Victoria, il. 
082 0 4 |a A863.4 
653 |a Literatura 
653 |a Literatura juvenil 
653 |a Novelas juveniles 
653 |a Literatura argentina 
859 |a CEMS  |b BIB. CEMS - 11 de abril  |h A863.4  |i F181-1  |p 29843.25  |t Ej.5 
859 |a CEMS  |b BIB. CEMS - Inicial y Primaria  |h A863.4  |i F181-1  |k IP  |p 3818  |t Ej. 1  |3 3 
859 |a CEMS  |b BIB. CEMS - 11 de abril  |h A863.4  |i F181-1  |p 23307.06  |t Ej.1  |v 3  |3 3 
859 |a CEMS  |b BIB. CEMS - 11 de abril  |h A863.4  |i F181-1  |p 26672.13  |t Ej.2  |v 3  |3 3 
859 |a CEMS  |b BIB. CEMS - 11 de abril  |h A863.4  |i F181-1  |p 29052.20  |t Ej.3  |v 3  |3 3 
859 |a CEMS  |b BIB. CEMS - 11 de abril  |h A863.4  |i F181-1  |p 29778.23  |t Ej.4  |3 3